Cricketers With Centuries in Every Format - Statistics

General Stats
  • This quiz has been taken 39 times
  • The average score is 11 of 34
Answer Stats
Hint Test ODI T20I Total Answer % Correct
India 30 54 1 85 Virat Kohli
97%
West Indies 15 25 2 42 Chris Gayle
77%
Pakistan 9 20 3 32 Babar Azam
60%
England 2 11 1 14 Jos Buttler
60%
New Zealand 12 5 2 19 Brendon McCullum
57%
Australia 26 22 1 49 David Warner
53%
India 12 33 5 50 Rohit Sharma
53%
Sri Lanka 34 19 1 54 Mahela Jayawardene
47%
Australia 3 4 1 8 Mitch Marsh
40%
Australia 1 4 5 10 Glenn Maxwell
37%
England 1 1 1 3 Jacob Bethell
37%
England 10 3 1 14 Harry Brook
33%
Pakistan 3 4 1 8 Mohammad Rizwan
33%
South Africa 6 23 2 31 Quinton de Kock
33%
Zimbabwe 6 11 1 18 Brendan Taylor
30%
India 10 7 2 19 KL Rahul
30%
Sri Lanka 16 22 1 39 Tillakaratne Dilshan
30%
West Indies 3 19 1 23 Shai Hope
27%
India 10 8 1 19 Shubman Gill
27%
New Zealand 3 18 2 23 Martin Guptill
23%
Sri Lanka 4 7 2 13 Pathum Nissanka
23%
Ireland 1 14 1 16 Paul Stirling
23%
Zimbabwe 1 7 1 9 Sikandar Raza
23%
England 1 6 1 8 Dawid Malan
20%
Ireland 1 2 1 4 Kevin O'Brien
20%
India 1 5 1 7 Suresh Raina
20%
Bangladesh 10 14 1 25 Tamim Iqbal
17%
Zimbabwe 1 2 1 4 Brian Bennett
13%
Australia 1 1 2 4 Josh Inglis
13%
Australia 4 9 1 14 Shane Watson
13%
India 7 1 1 9 Yashasvi Jaiswal
13%
Pakistan 3 6 1 10 Ahmed Shehzad
10%
South Africa 10 12 1 23 Faf du Plessis
10%
Sri Lanka 2 6 1 9 Kusal Perera
7%
No matching quizzes found
Score Distribution
Percent of People with Each Score
Percentile by Number Answered
Your Score History
You have not taken this quiz